000 00911nam a22003137a 4500
001 BR2019000556
003 BR-BrBNA
005 20230928105420.0
007 ta
008 230509b bl.||||| |||| 00| 0 por d
020 _a85-7664-030-9
040 _aBR-BrBNA
_bpor
_cBiblioteca Nacional de Agricultura
041 _a(Por)
072 _aL01
_b7100
090 _ 7100 BR2019000556
100 1 _aBoaventura, M.C.
100 1 _aSantos, G.T. dos
100 1 _aNeves, A. do C. (coord.)
110 1 _aServiço Nacional de Aprendizagem Rural, Brasília, DF (Brasil)
245 1 _aProdução de geléia real
_bColeção Senar; 128; trabalhador na apicultura
260 3 _aBrasília, DF (Brasil):
_c2006.
300 _a100 p.
500 _a9 ref.; 210 illus.; 2 tables
650 _aGELÉIA REAL
650 _aABELHA
650 _aPRODUÇÃO
909 _a202309
_bLucia
_c55
_dLucia Elande
942 _cBK
999 _c85040
_d85040